[Event "Kadettlandskamp NOR-SWE B 2018"]
[Site "NTG, Bærum, Norway"]
[Date "2018.12.16"]
[Round "10.5"]
[White "Fossan, Aleksander"]
[Black "Ivarsson, Sebastian"]
[Result "1/2-1/2"]
[WhiteFideId "1519794"]
[BlackFideId "1738593"]
[WhiteElo "1903"]
[BlackElo "1652"]

1. e4 {[%clk 00:15:19]} {[%emt 00:01:55]} e5 {[%clk 00:15:17]} {[%emt
00:00:02]} 2. Nf3 {[%clk 00:15:28]} {[%emt 00:00:02]} Nc6 {[%clk 00:15:26]} 3.
Bc4 {[%clk 00:15:38]} {[%emt 00:00:02]} Bc5 {[%clk 00:15:35]} {[%emt 00:00:01]}
4. c3 {[%clk 00:15:42]} {[%emt 00:00:06]} Nf6 {[%clk 00:15:43]} {[%emt
00:00:02]} 5. d4 {[%clk 00:15:51]} exd4 {[%clk 00:15:51]} {[%emt 00:00:02]} 6.
cxd4 {[%clk 00:15:59]} {[%emt 00:00:02]} Bb4+ {[%clk 00:15:59]} {[%emt
00:00:02]} 7. Bd2 {[%clk 00:16:08]} Bxd2+ {[%clk 00:16:07]} {[%emt 00:00:03]} 8.
Nbxd2 {[%clk 00:16:16]} {[%emt 00:00:01]} d5 {[%clk 00:16:15]} {[%emt
00:00:02]} 9. exd5 {[%clk 00:16:25]} {[%emt 00:00:02]} Nxd5 {[%clk 00:16:24]}
{[%emt 00:00:01]} 10. Qb3 {[%clk 00:16:34]} {[%emt 00:00:01]} Nce7 {[%clk
00:16:22]} {[%emt 00:00:12]} 11. O-O {[%clk 00:16:42]} {[%emt 00:00:03]} O-O
{[%clk 00:15:47]} {[%emt 00:00:44]} 12. Rfe1 {[%clk 00:16:51]} c6 {[%clk
00:15:07]} {[%emt 00:00:51]} 13. Ne4 {[%clk 00:17:00]} {[%emt 00:00:01]} Nb6
{[%clk 00:12:27]} {[%emt 00:02:50]} 14. Bd3 {[%clk 00:17:09]} {[%emt 00:00:01]}
Be6 {[%clk 00:10:43]} {[%emt 00:01:54]} 15. Qc2 {[%clk 00:16:47]} {[%emt
00:00:32]} Bd5 {[%clk 00:09:16]} {[%emt 00:01:37]} 16. Ne5 {[%clk 00:14:42]}
{[%emt 00:02:15]} Ng6 {[%clk 00:08:46]} {[%emt 00:00:40]} 17. Rad1 {[%clk
00:11:45]} {[%emt 00:03:07]} Re8 {[%clk 00:07:57]} {[%emt 00:00:59]} 18. Nc5
{[%clk 00:08:57]} {[%emt 00:02:58]} Qg5 {[%clk 00:06:49]} {[%emt 00:01:17]} 19.
g3 {[%clk 00:06:51]} {[%emt 00:02:18]} Nxe5 {[%clk 00:04:32]} {[%emt 00:02:26]}
20. Rxe5 {[%clk 00:06:24]} {[%emt 00:00:37]} Rxe5 {[%clk 00:04:06]} {[%emt
00:00:36]} 21. dxe5 {[%clk 00:06:29]} {[%emt 00:00:05]} Qxe5 {[%clk 00:03:41]}
{[%emt 00:00:35]} 22. Bxh7+ {[%clk 00:05:32]} {[%emt 00:01:07]} Kh8 {[%clk
00:03:41]} {[%emt 00:00:10]} 23. Qf5 {[%clk 00:04:16]} {[%emt 00:01:27]} Qe2
{[%clk 00:02:23]} {[%emt 00:01:28]} 24. Rf1 {[%clk 00:03:46]} {[%emt 00:00:39]}
Bc4 {[%clk 00:01:02]} {[%emt 00:01:31]} 25. Rc1 {[%clk 00:03:12]} {[%emt
00:00:43]} Qxb2 {[%clk 00:00:24]} {[%emt 00:00:49]} 26. Rb1 {[%clk 00:03:12]}
{[%emt 00:00:10]} Qf6 {[%clk 00:00:24]} {[%emt 00:00:09]} 27. Qxf6 {[%clk
00:02:45]} {[%emt 00:00:38]} gxf6 {[%clk 00:00:34]} {[%emt 00:00:01]} 28. Bf5
{[%clk 00:02:30]} {[%emt 00:00:25]} Bxa2 {[%clk 00:00:22]} {[%emt 00:00:22]} 29.
Ra1 {[%clk 00:01:54]} {[%emt 00:00:45]} Bd5 {[%clk 00:00:24]} {[%emt 00:00:07]}
30. Nxb7 {[%clk 00:01:54]} {[%emt 00:00:11]} Nc4 {[%clk 00:00:32]} {[%emt
00:00:01]} 31. h4 {[%clk 00:01:25]} {[%emt 00:00:40]} Re8 {[%clk 00:00:31]}
{[%emt 00:00:09]} 32. g4 {[%clk 00:01:21]} {[%emt 00:00:16]} Nd2 {[%clk
00:00:24]} {[%emt 00:00:17]} 33. Kh2 {[%clk 00:01:09]} {[%emt 00:00:22]} Rb8
{[%clk 00:00:14]} {[%emt 00:00:19]} 34. Rxa7 {[%clk 00:01:08]} {[%emt
00:00:12]} Nf3+ {[%clk 00:00:15]} {[%emt 00:00:08]} 35. Kg3 {[%clk 00:01:18]}
{[%emt 00:00:01]} Nd4 {[%clk 00:00:16]} {[%emt 00:00:10]} 36. Bd3 {[%clk
00:00:50]} {[%emt 00:00:38]} Nb5 {[%clk 00:00:17]} {[%emt 00:00:08]} 37. Bxb5
{[%clk 00:00:48]} {[%emt 00:00:13]} cxb5 {[%clk 00:00:25]} {[%emt 00:00:01]} 38.
Nd6 {[%clk 00:00:49]} {[%emt 00:00:09]} Kg7 {[%clk 00:00:29]} {[%emt 00:00:05]}
39. Nf5+ {[%clk 00:00:57]} {[%emt 00:00:04]} Kh8 {[%clk 00:00:29]} {[%emt
00:00:06]} 40. Nd6 {[%clk 00:00:25]} {[%emt 00:00:45]} Kg7 {[%clk 00:00:37]}
{[%emt 00:00:02]} 41. Nf5+ {[%clk 00:00:33]} {[%emt 00:00:03]} Kh8 {[%clk
00:00:46]} 42. Rc7 {[%clk 00:00:27]} {[%emt 00:00:16]} b4 {[%clk 00:00:46]}
{[%emt 00:00:10]} 43. Rc2 {[%clk 00:00:31]} {[%emt 00:00:05]} Be4 {[%clk
00:00:49]} {[%emt 00:00:08]} 44. Rb2 {[%clk 00:00:38]} {[%emt 00:00:03]} Bxf5
{[%clk 00:00:54]} {[%emt 00:00:05]} 45. gxf5 {[%clk 00:00:46]} {[%emt
00:00:01]} Kg7 {[%clk 00:00:58]} {[%emt 00:00:06]} 46. Rb3 {[%clk 00:00:52]}
{[%emt 00:00:04]} Kh6 {[%clk 00:01:02]} {[%emt 00:00:05]} 47. Kg4 {[%clk
00:00:54]} {[%emt 00:00:10]} 1/2-1/2

[Event "Kadettlandskamp NOR-SWE B 2018"]
[Site "NTG, Bærum, Norway"]
[Date "2018.12.16"]
[Round "10.6"]
[White "Muntean, Viktor"]
[Black "Vitenberg, Noam A"]
[Result "1/2-1/2"]
[WhiteFideId "1054414"]
[BlackFideId "1532138"]
[WhiteElo "1791"]
[BlackElo "1889"]

1. e4 {[%clk 00:15:19]} {[%emt 00:00:01]} c6 {[%clk 00:15:18]} {[%emt
00:00:01]} 2. d4 {[%clk 00:15:27]} {[%emt 00:00:02]} d5 {[%clk 00:15:27]}
{[%emt 00:00:02]} 3. exd5 {[%clk 00:15:30]} {[%emt 00:00:08]} cxd5 {[%clk
00:15:34]} {[%emt 00:00:02]} 4. c4 {[%clk 00:15:39]} {[%emt 00:00:01]} Nf6
{[%clk 00:15:42]} {[%emt 00:00:01]} 5. Nc3 {[%clk 00:15:47]} {[%emt 00:00:02]}
Nc6 {[%clk 00:15:45]} {[%emt 00:00:07]} 6. Nf3 {[%clk 00:15:50]} {[%emt
00:00:07]} Bg4 {[%clk 00:15:52]} {[%emt 00:00:02]} 7. cxd5 {[%clk 00:15:56]}
{[%emt 00:00:06]} Nxd5 {[%clk 00:15:54]} {[%emt 00:00:07]} 8. Qb3 {[%clk
00:15:50]} {[%emt 00:00:17]} Bxf3 {[%clk 00:15:15]} {[%emt 00:00:49]} 9. gxf3
{[%clk 00:15:58]} {[%emt 00:00:02]} e6 {[%clk 00:15:19]} {[%emt 00:00:05]} 10.
Qxb7 {[%clk 00:15:53]} {[%emt 00:00:15]} Nxd4 {[%clk 00:15:25]} {[%emt
00:00:04]} 11. Bb5+ {[%clk 00:15:52]} {[%emt 00:00:11]} Nxb5 {[%clk 00:15:32]}
{[%emt 00:00:03]} 12. Qxb5+ {[%clk 00:15:59]} {[%emt 00:00:03]} Qd7 {[%clk
00:15:27]} {[%emt 00:00:15]} 13. Qxd7+ {[%clk 00:16:04]} {[%emt 00:00:06]} Kxd7
{[%clk 00:15:34]} {[%emt 00:00:02]} 14. Nxd5 {[%clk 00:16:10]} {[%emt
00:00:05]} exd5 {[%clk 00:15:42]} {[%emt 00:00:01]} 15. Be3 {[%clk 00:16:09]}
{[%emt 00:00:11]} Bb4+ {[%clk 00:14:44]} {[%emt 00:01:08]} 16. Kf1 {[%clk
00:15:36]} {[%emt 00:00:43]} a5 {[%clk 00:10:49]} {[%emt 00:04:05]} 17. a3
{[%clk 00:15:22]} {[%emt 00:00:26]} Bd6 {[%clk 00:10:39]} {[%emt 00:00:19]} 18.
Rd1 {[%clk 00:15:22]} {[%emt 00:00:10]} Ke6 {[%clk 00:07:02]} {[%emt 00:03:47]}
19. Kg2 {[%clk 00:15:14]} {[%emt 00:00:17]} Be5 {[%clk 00:06:14]} {[%emt
00:00:58]} 20. Rhe1 {[%clk 00:15:15]} {[%emt 00:00:09]} Kd6 {[%clk 00:06:19]}
{[%emt 00:00:05]} 21. Rd2 {[%clk 00:14:30]} {[%emt 00:00:56]} Rhd8 {[%clk
00:06:00]} {[%emt 00:00:29]} 22. Red1 {[%clk 00:13:09]} {[%emt 00:01:31]} Ke6
{[%clk 00:06:03]} {[%emt 00:00:06]} 23. Re2 {[%clk 00:11:29]} {[%emt 00:01:51]}
Kf5 {[%clk 00:05:27]} {[%emt 00:00:43]} 24. Bb6 {[%clk 00:10:02]} {[%emt
00:01:39]} Rd7 {[%clk 00:05:13]} {[%emt 00:00:24]} 25. Red2 {[%clk 00:09:50]}
{[%emt 00:00:22]} Ra6 {[%clk 00:04:16]} {[%emt 00:01:08]} 26. Bc5 {[%clk
00:09:46]} {[%emt 00:00:14]} Rg6+ {[%clk 00:03:52]} {[%emt 00:00:34]} 27. Kh1
{[%clk 00:09:18]} {[%emt 00:00:37]} Ke6 {[%clk 00:01:39]} {[%emt 00:02:23]} 28.
Be3 {[%clk 00:08:02]} {[%emt 00:01:26]} a4 {[%clk 00:01:26]} {[%emt 00:00:23]}
29. f4 {[%clk 00:07:23]} {[%emt 00:00:49]} Bf6 {[%clk 00:00:40]} {[%emt
00:00:56]} 30. f3 {[%clk 00:05:25]} {[%emt 00:02:08]} Be7 {[%clk 00:00:13]}
{[%emt 00:00:37]} 31. Rc2 {[%clk 00:03:56]} {[%emt 00:01:40]} Kf5 {[%clk
00:00:13]} {[%emt 00:00:10]} 32. Rcd2 {[%clk 00:03:02]} {[%emt 00:01:04]} Rgd6
{[%clk 00:00:22]} 33. Rd4 {[%clk 00:02:18]} {[%emt 00:00:54]} Bf6 {[%clk
00:00:22]} {[%emt 00:00:10]} 34. Rxa4 {[%clk 00:02:26]} {[%emt 00:00:02]} Bxb2
{[%clk 00:00:25]} {[%emt 00:00:07]} 35. Bd4 {[%clk 00:01:29]} {[%emt 00:01:07]}
Bxd4 {[%clk 00:00:18]} {[%emt 00:00:16]} 36. Rdxd4 {[%clk 00:01:19]} {[%emt
00:00:20]} Rb7 {[%clk 00:00:17]} {[%emt 00:00:11]} 37. Ra5 {[%clk 00:00:57]}
{[%emt 00:00:33]} f6 {[%clk 00:00:12]} {[%emt 00:00:15]} 38. Kg2 {[%clk
00:00:56]} {[%emt 00:00:10]} Rb3 {[%clk 00:00:13]} {[%emt 00:00:09]} 1/2-1/2

[Event "Kadettlandskamp NOR-SWE B 2018"]
[Site "NTG, Bærum, Norway"]
[Date "2018.12.16"]
[Round "11.1"]
[White "Melaa, Sondre Lillestøl"]
[Black "Falkevall, Axel"]
[Result "1/2-1/2"]
[WhiteFideId "1530470"]
[BlackFideId "1735560"]
[WhiteElo "1838"]
[BlackElo "1715"]

1. d4 {[%clk 00:15:15]} {[%emt 00:00:04]} d5 {[%clk 00:15:19]} {[%emt
00:00:02]} 2. Bf4 {[%clk 00:15:23]} {[%emt 00:00:02]} c5 {[%clk 00:15:27]}
{[%emt 00:00:02]} 3. e3 {[%clk 00:15:30]} {[%emt 00:00:02]} Nf6 {[%clk
00:15:34]} {[%emt 00:00:04]} 4. c3 {[%clk 00:15:37]} {[%emt 00:00:03]} Nc6
{[%clk 00:15:43]} {[%emt 00:00:02]} 5. Nd2 {[%clk 00:15:45]} {[%emt 00:00:01]}
Bf5 {[%clk 00:15:50]} {[%emt 00:00:03]} 6. Ngf3 {[%clk 00:15:39]} {[%emt
00:00:15]} e6 {[%clk 00:15:44]} {[%emt 00:00:18]} 7. Be2 {[%clk 00:15:40]}
{[%emt 00:00:08]} Be7 {[%clk 00:15:18]} {[%emt 00:00:36]} 8. Nh4 {[%clk
00:15:08]} {[%emt 00:00:43]} Bg6 {[%clk 00:15:22]} {[%emt 00:00:05]} 9. Nxg6
{[%clk 00:15:15]} {[%emt 00:00:03]} hxg6 {[%clk 00:15:31]} {[%emt 00:00:01]} 10.
h3 {[%clk 00:15:20]} {[%emt 00:00:05]} Rc8 {[%clk 00:15:05]} {[%emt 00:00:35]}
11. O-O {[%clk 00:15:17]} {[%emt 00:00:14]} O-O {[%clk 00:14:58]} {[%emt
00:00:17]} 12. Bf3 {[%clk 00:14:31]} {[%emt 00:00:56]} Bd6 {[%clk 00:13:19]}
{[%emt 00:01:49]} 13. dxc5 {[%clk 00:14:14]} {[%emt 00:00:27]} Bxc5 {[%clk
00:12:31]} {[%emt 00:00:59]} 14. e4 {[%clk 00:13:54]} {[%emt 00:00:29]} dxe4
{[%clk 00:12:33]} {[%emt 00:00:08]} 15. Nxe4 {[%clk 00:13:58]} {[%emt
00:00:06]} Nxe4 {[%clk 00:11:59]} {[%emt 00:00:45]} 16. Bxe4 {[%clk 00:13:54]}
{[%emt 00:00:13]} Qe7 {[%clk 00:09:17]} {[%emt 00:02:52]} 17. Qe2 {[%clk
00:12:43]} {[%emt 00:01:21]} Bd6 {[%clk 00:08:18]} {[%emt 00:01:08]} 18. Be3
{[%clk 00:12:25]} {[%emt 00:00:29]} Bc5 {[%clk 00:07:37]} {[%emt 00:00:51]} 19.
Rfd1 {[%clk 00:12:02]} {[%emt 00:00:34]} Rfd8 {[%clk 00:06:54]} {[%emt
00:00:52]} 20. Rxd8+ {[%clk 00:10:39]} {[%emt 00:01:33]} Rxd8 {[%clk 00:06:56]}
{[%emt 00:00:08]} 21. Bxc6 {[%clk 00:08:53]} {[%emt 00:01:56]} bxc6 {[%clk
00:07:00]} {[%emt 00:00:07]} 22. Rd1 {[%clk 00:08:54]} {[%emt 00:00:09]} Bxe3
{[%clk 00:06:44]} {[%emt 00:00:26]} 23. Rxd8+ {[%clk 00:08:54]} {[%emt
00:00:09]} Qxd8 {[%clk 00:06:51]} {[%emt 00:00:03]} 24. Qxe3 {[%clk 00:08:57]}
{[%emt 00:00:07]} Qd1+ {[%clk 00:04:37]} {[%emt 00:02:24]} 25. Kh2 {[%clk
00:09:06]} {[%emt 00:00:02]} Qa4 {[%clk 00:04:33]} {[%emt 00:00:13]} 26. a3
{[%clk 00:08:54]} {[%emt 00:00:21]} a5 {[%clk 00:03:50]} {[%emt 00:00:54]} 27.
g3 {[%clk 00:08:24]} {[%emt 00:00:40]} Qb3 {[%clk 00:02:51]} {[%emt 00:01:09]}
28. Qd2 {[%clk 00:07:58]} {[%emt 00:00:36]} a4 {[%clk 00:02:52]} {[%emt
00:00:09]} 29. Qd8+ {[%clk 00:07:39]} {[%emt 00:00:28]} Kh7 {[%clk 00:03:00]}
{[%emt 00:00:03]} 30. Qh4+ {[%clk 00:07:47]} {[%emt 00:00:02]} Kg8 {[%clk
00:03:09]} 31. Qb4 {[%clk 00:07:55]} {[%emt 00:00:01]} Qc2 {[%clk 00:02:52]}
{[%emt 00:00:27]} 32. Kg2 {[%clk 00:07:52]} {[%emt 00:00:14]} Qd1 {[%clk
00:02:24]} {[%emt 00:00:38]} 33. Qb8+ {[%clk 00:06:38]} {[%emt 00:01:23]} Kh7
{[%clk 00:02:32]} {[%emt 00:00:03]} 34. Qf4 {[%clk 00:06:38]} {[%emt 00:00:10]}
Qc2 {[%clk 00:02:08]} {[%emt 00:00:35]} 35. Qb4 {[%clk 00:06:07]} {[%emt
00:00:39]} Qd1 {[%clk 00:02:12]} {[%emt 00:00:06]} 36. Qd4 {[%clk 00:06:05]}
{[%emt 00:00:12]} Qc2 {[%clk 00:02:09]} {[%emt 00:00:13]} 37. c4 {[%clk
00:05:47]} {[%emt 00:00:28]} Qb3 {[%clk 00:01:44]} {[%emt 00:00:36]} 38. h4
{[%clk 00:05:08]} {[%emt 00:00:50]} Qb7 {[%clk 00:01:18]} {[%emt 00:00:35]} 39.
Qc3 {[%clk 00:04:32]} {[%emt 00:00:46]} c5+ {[%clk 00:01:25]} {[%emt 00:00:04]}
40. Kh2 {[%clk 00:04:40]} {[%emt 00:00:02]} Qe4 {[%clk 00:01:22]} {[%emt
00:00:12]} 41. Qc1 {[%clk 00:03:46]} {[%emt 00:01:04]} Qe2 {[%clk 00:01:20]}
{[%emt 00:00:12]} 42. Kg1 {[%clk 00:03:42]} {[%emt 00:00:14]} Qd3 {[%clk
00:01:16]} {[%emt 00:00:13]} 43. Kg2 {[%clk 00:03:11]} {[%emt 00:00:42]} Qe4+
{[%clk 00:01:25]} {[%emt 00:00:02]} 44. Kh2 {[%clk 00:03:20]} Qe2 {[%clk
00:01:31]} {[%emt 00:00:04]} 45. Kg1 {[%clk 00:03:29]} {[%emt 00:00:02]} Qd3
{[%clk 00:01:38]} {[%emt 00:00:01]} 1/2-1/2

[Event "Kadettlandskamp NOR-SWE B 2018"]
[Site "NTG, Bærum, Norway"]
[Date "2018.12.16"]
[Round "11.2"]
[White "Abdrlauf, Elham"]
[Black "Olsson, William"]
[Result "0-1"]
[WhiteFideId "1533533"]
[BlackFideId "1741721"]
[WhiteElo "2191"]
[BlackElo "1743"]

1. e4 {[%clk 00:15:20]} {[%emt 00:17:18]} c5 {[%clk 00:15:19]} {[%emt
00:00:02]} 2. Nf3 {[%clk 00:15:28]} {[%emt 00:00:01]} d6 {[%clk 00:15:27]}
{[%emt 00:00:02]} 3. d4 {[%clk 00:15:37]} {[%emt 00:00:02]} cxd4 {[%clk
00:15:35]} {[%emt 00:00:01]} 4. Nxd4 {[%clk 00:15:46]} {[%emt 00:00:01]} Nf6
{[%emt 00:00:02]} 5. Nc3 g6 {[%clk 00:15:52]} {[%emt 00:00:02]} 6. f3 {[%clk
00:16:03]} {[%emt 00:00:03]} Bg7 {[%clk 00:16:00]} {[%emt 00:00:02]} 7. Be3
{[%clk 00:16:12]} O-O {[%clk 00:16:07]} {[%emt 00:00:03]} 8. Qd2 {[%clk
00:16:20]} {[%emt 00:00:02]} Nc6 {[%clk 00:16:16]} {[%emt 00:00:01]} 9. Bc4
{[%clk 00:16:26]} {[%emt 00:00:04]} Bd7 {[%clk 00:16:25]} {[%emt 00:00:02]} 10.
O-O-O {[%clk 00:16:34]} {[%emt 00:00:01]} Rc8 {[%clk 00:16:34]} {[%emt
00:00:02]} 11. Bb3 {[%clk 00:16:43]} Ne5 {[%clk 00:16:42]} {[%emt 00:00:02]} 12.
h4 {[%clk 00:16:47]} {[%emt 00:00:06]} h5 {[%clk 00:16:51]} {[%emt 00:00:02]}
13. g4 {[%clk 00:16:49]} {[%emt 00:00:08]} hxg4 {[%clk 00:16:57]} {[%emt
00:00:03]} 14. h5 {[%clk 00:16:58]} {[%emt 00:00:01]} Nxh5 {[%clk 00:16:24]}
{[%emt 00:00:43]} 15. Bh6 {[%clk 00:17:03]} {[%emt 00:00:05]} Rxc3 {[%clk
00:14:15]} {[%emt 00:02:19]} 16. bxc3 {[%clk 00:17:08]} {[%emt 00:00:05]} Bf6
{[%clk 00:13:47]} {[%emt 00:00:38]} 17. Rdg1 {[%clk 00:16:11]} {[%emt
00:01:06]} Qa5 {[%clk 00:13:17]} {[%emt 00:00:41]} 18. fxg4 {[%clk 00:15:24]}
{[%emt 00:00:57]} Bxg4 {[%clk 00:13:09]} {[%emt 00:00:17]} 19. Bxf8 {[%clk
00:14:21]} {[%emt 00:01:13]} Kxf8 {[%clk 00:13:17]} {[%emt 00:00:02]} 20. Rf1
{[%clk 00:11:50]} {[%emt 00:02:40]} Bg7 {[%clk 00:12:34]} {[%emt 00:00:54]} 21.
Rhg1 {[%clk 00:11:25]} {[%emt 00:00:35]} Nf6 {[%clk 00:11:27]} {[%emt
00:01:17]} 22. Qe3 {[%clk 00:08:08]} {[%emt 00:03:28]} Qc5 {[%clk 00:10:00]}
{[%emt 00:01:37]} 23. Kb1 {[%clk 00:07:16]} {[%emt 00:01:02]} a5 {[%clk
00:08:52]} {[%emt 00:01:17]} 24. Rxg4 {[%clk 00:05:33]} {[%emt 00:01:54]} Nexg4
{[%clk 00:08:41]} {[%emt 00:00:21]} 25. Qe2 {[%emt 00:00:03]} Qxc3 {[%clk
00:07:43]} {[%emt 00:01:06]} 26. Ne6+ {[%clk 00:05:08]} {[%emt 00:00:45]} fxe6
{[%clk 00:07:25]} {[%emt 00:00:27]} 27. Qxg4 {[%clk 00:05:16]} {[%emt
00:00:01]} Qe1+ {[%clk 00:07:28]} {[%emt 00:00:07]} 28. Rxe1 {[%clk 00:05:25]}
{[%emt 00:00:02]} Nxg4 {[%clk 00:07:37]} {[%emt 00:00:01]} 29. Bxe6 {[%clk
00:05:29]} {[%emt 00:00:06]} Ne5 {[%clk 00:07:44]} {[%emt 00:00:03]} 30. Rf1+
{[%clk 00:05:34]} {[%emt 00:00:04]} Bf6 {[%clk 00:07:48]} {[%emt 00:00:07]} 31.
Rd1 {[%clk 00:05:37]} {[%emt 00:00:05]} g5 {[%clk 00:07:16]} {[%emt 00:00:44]}
32. Rd5 {[%clk 00:05:18]} {[%emt 00:00:29]} Nc6 {[%clk 00:07:01]} {[%emt
00:00:26]} 33. Bc8 {[%clk 00:05:18]} {[%emt 00:00:08]} b6 {[%clk 00:06:41]}
{[%emt 00:00:31]} 34. a4 {[%emt 00:00:31]} Kg7 {[%clk 00:05:41]} {[%emt
00:01:05]} 35. Kc1 {[%clk 00:04:56]} {[%emt 00:00:17]} Nd4 {[%clk 00:05:16]}
{[%emt 00:00:34]} 36. Kd2 {[%clk 00:04:44]} {[%emt 00:00:23]} Kh6 {[%clk
00:04:45]} {[%emt 00:00:40]} 37. Kd3 {[%clk 00:04:24]} {[%emt 00:00:29]} Nc6
{[%clk 00:04:28]} {[%emt 00:00:27]} 38. Kc4 {[%clk 00:04:08]} {[%emt 00:00:27]}
Kh5 {[%clk 00:03:57]} {[%emt 00:00:41]} 39. Be6 {[%clk 00:02:48]} {[%emt
00:01:29]} Kh4 {[%clk 00:03:54]} {[%emt 00:00:13]} 40. Rd1 {[%clk 00:02:18]}
{[%emt 00:00:41]} Kg3 {[%clk 00:03:42]} {[%emt 00:00:22]} 41. c3 {[%clk
00:02:05]} {[%emt 00:00:23]} Nd8 {[%clk 00:02:45]} {[%emt 00:01:06]} 42. Bd7
{[%clk 00:02:13]} {[%emt 00:00:03]} Kf4 {[%clk 00:02:40]} {[%emt 00:00:14]} 43.
Rb1 {[%clk 00:01:50]} {[%emt 00:00:34]} Nf7 {[%clk 00:02:39]} {[%emt 00:00:10]}
44. Kd5 {[%clk 00:01:53]} {[%emt 00:00:08]} g4 {[%clk 00:02:06]} {[%emt
00:00:42]} 45. Rf1+ {[%clk 00:01:53]} {[%emt 00:00:10]} Kg3 {[%clk 00:02:00]}
{[%emt 00:00:16]} 46. Rg1+ {[%clk 00:02:02]} {[%emt 00:00:02]} Kf2 {[%clk
00:02:08]} {[%emt 00:00:01]} 47. Rc1 {[%clk 00:01:42]} {[%emt 00:00:30]} g3
{[%clk 00:02:14]} {[%emt 00:00:05]} 48. Bh3 {[%clk 00:01:49]} {[%emt 00:00:02]}
Ng5 {[%clk 00:02:23]} {[%emt 00:00:01]} 49. Rc2+ {[%clk 00:01:58]} {[%emt
00:00:02]} Ke3 {[%clk 00:01:48]} {[%emt 00:00:44]} 50. Bf1 {[%clk 00:01:45]}
{[%emt 00:00:18]} Nf3 {[%clk 00:01:34]} {[%emt 00:00:30]} 51. Kc6 {[%clk
00:01:32]} {[%emt 00:00:23]} Nd2 {[%clk 00:01:36]} {[%emt 00:00:08]} 52. Bg2
{[%clk 00:01:31]} {[%emt 00:00:09]} Kd3 {[%clk 00:01:29]} {[%emt 00:00:18]} 53.
Rc1 {[%clk 00:01:34]} {[%emt 00:00:06]} Bxc3 {[%clk 00:01:29]} {[%emt
00:00:11]} 54. Kxb6 {[%clk 00:01:43]} {[%emt 00:00:01]} e5 {[%clk 00:01:26]}
{[%emt 00:00:13]} 55. Kc6 {[%clk 00:01:02]} {[%emt 00:00:51]} Bb4 {[%clk
00:01:32]} {[%emt 00:00:03]} 56. Kd5 {[%clk 00:01:10]} {[%emt 00:00:03]} Ke3
{[%clk 00:01:37]} {[%emt 00:00:05]} 57. Rc8 {[%clk 00:00:45]} {[%emt 00:00:34]}
Kf2 {[%clk 00:01:37]} {[%emt 00:00:10]} 58. Bh3 {[%clk 00:00:43]} {[%emt
00:00:13]} g2 {[%clk 00:01:41]} {[%emt 00:00:06]} 59. Rf8+ {[%clk 00:00:46]}
{[%emt 00:00:07]} Nf3 {[%clk 00:01:48]} {[%emt 00:00:03]} 60. Bxg2 {[%clk
00:00:54]} {[%emt 00:00:01]} Kxg2 {[%clk 00:01:57]} {[%emt 00:00:02]} 61. Rb8
{[%clk 00:01:03]} {[%emt 00:00:02]} Nd4 {[%clk 00:01:35]} {[%emt 00:00:31]} 62.
Rb6 {[%clk 00:00:53]} {[%emt 00:00:20]} Kf3 {[%clk 00:01:42]} {[%emt 00:00:03]}
63. Rb8 {[%clk 00:00:54]} {[%emt 00:00:08]} Ke3 {[%clk 00:01:50]} {[%emt
00:00:03]} 64. Rh8 {[%clk 00:01:00]} {[%emt 00:00:04]} Kd3 {[%clk 00:01:54]}
{[%emt 00:00:06]} 65. Rh3+ {[%clk 00:01:09]} {[%emt 00:00:01]} Kc2 {[%clk
00:01:58]} {[%emt 00:00:06]} 66. Kc4 {[%clk 00:01:18]} {[%emt 00:00:01]} Kb2
{[%clk 00:02:00]} {[%emt 00:00:07]} 67. Rg3 {[%clk 00:01:27]} {[%emt 00:00:02]}
Ne6 {[%clk 00:01:42]} {[%emt 00:00:28]} 68. Rh3 {[%clk 00:00:55]} {[%emt
00:00:42]} Nc5 {[%clk 00:01:47]} {[%emt 00:00:05]} 69. Rh2+ {[%clk 00:00:50]}
{[%emt 00:00:15]} Ka3 {[%clk 00:01:54]} {[%emt 00:00:03]} 70. Rh3+ {[%clk
00:00:35]} {[%emt 00:00:25]} Kxa4 {[%clk 00:02:01]} {[%emt 00:00:03]} 71. Re3
{[%clk 00:00:44]} Nd7 {[%clk 00:01:52]} {[%emt 00:00:18]} 72. Re2 {[%clk
00:00:40]} {[%emt 00:00:16]} Nb6 {[%clk 00:02:00]} {[%emt 00:00:02]} 73. Kd3
{[%clk 00:00:49]} Kb5 {[%clk 00:02:09]} 74. Rc2 {[%clk 00:00:54]} {[%emt
00:00:06]} a4 {[%clk 00:02:17]} {[%emt 00:00:02]} 75. Rc7 {[%clk 00:01:03]} a3
{[%clk 00:02:24]} {[%emt 00:00:03]} 76. Kc2 {[%clk 00:01:12]} Bc5 {[%clk
00:02:29]} {[%emt 00:00:05]} 77. Kb3 {[%clk 00:01:21]} {[%emt 00:00:01]} Nc4
{[%clk 00:02:20]} {[%emt 00:00:19]} 78. Rb7+ {[%clk 00:01:23]} {[%emt
00:00:07]} Kc6 {[%clk 00:02:14]} {[%emt 00:00:16]} 79. Rb8 {[%clk 00:01:31]}
{[%emt 00:00:03]} Nd2+ {[%clk 00:02:23]} 80. Ka2 {[%clk 00:01:37]} {[%emt
00:00:04]} Nxe4 {[%clk 00:02:30]} {[%emt 00:00:03]} 81. Rb3 {[%clk 00:01:46]}
d5 {[%clk 00:02:35]} {[%emt 00:00:05]} 82. Rh3 {[%clk 00:01:54]} {[%emt
00:00:02]} d4 {[%clk 00:02:44]} {[%emt 00:00:01]} 83. Rh5 {[%clk 00:02:03]} Kd5
{[%clk 00:02:53]} {[%emt 00:00:02]} 84. Rh8 Nd6 {[%clk 00:02:59]} {[%emt
00:00:04]} 85. Ka1 {[%clk 00:02:20]} {[%emt 00:00:03]} e4 {[%clk 00:03:07]}
{[%emt 00:00:01]} 86. Ka2 {[%clk 00:02:29]} e3 {[%clk 00:03:15]} {[%emt
00:00:02]} 87. Ka1 {[%clk 00:02:35]} {[%emt 00:00:05]} d3 {[%clk 00:03:19]}
{[%emt 00:00:04]} 88. Ka2 {[%clk 00:02:40]} {[%emt 00:00:05]} d2 {[%clk
00:03:26]} {[%emt 00:00:04]} 89. Rh6 {[%clk 00:02:44]} {[%emt 00:00:06]} Kc4
{[%clk 00:03:25]} {[%emt 00:00:11]} 90. Rh1 {[%clk 00:02:20]} {[%emt 00:00:34]}
e2 {[%clk 00:03:19]} {[%emt 00:00:16]} 91. Rc1+ {[%clk 00:02:27]} {[%emt
00:00:03]} dxc1=N+ {[%clk 00:03:24]} {[%emt 00:00:05]} 0-1